| Tag |
First Indicator |
Second Indicator |
Subfields |
| LEADER |
00000pam a2200000 a 4500 |
| 001 |
in00000086467 |
| 005 |
20151008064522.0 |
| 008 |
810312s1981 dcua b 00100 eng |
| 010 |
|
|
|a 81004586
|
| 020 |
|
|
|a 0871872056 :
|c $7.50
|
| 035 |
|
|
|a (OCoLC)07278548
|
| 035 |
|
|
|9 AAK4324AM
|
| 039 |
0 |
|
|a 2
|b 3
|c 3
|d 3
|e 3
|
| 040 |
|
|
|a DLC
|c DLC
|d TXA
|d UtOrBLW
|
| 049 |
|
|
|a TXAM
|c [952126]
|
| 050 |
0 |
0 |
|a JK1968 1980
|b .T53
|
| 082 |
0 |
|
|a 324.973/0926
|2 19
|
| 245 |
0 |
2 |
|a A Tide of discontent :
|b the 1980 elections and their meaning /
|c edited by Ellis Sandoz and Cecil V. Crabb, Jr.
|
| 264 |
|
1 |
|a Washington, D.C. :
|b Congressional Quarterly Press,
|c [1981]
|
| 264 |
|
4 |
|c ©1981
|
| 300 |
|
|
|a xiv, 254 pages :
|b illustrations ;
|c 23 cm.
|
| 336 |
|
|
|a text
|b txt
|2 rdacontent
|
| 337 |
|
|
|a unmediated
|b n
|2 rdamedia
|
| 338 |
|
|
|a volume
|b nc
|2 rdacarrier
|
| 490 |
1 |
|
|a Politics and public policy series
|
| 500 |
|
|
|a Includes index.
|
| 504 |
|
|
|a Bibliography: pages 243-245.
|
| 610 |
1 |
0 |
|a United States.
|b Congress
|x Elections, 1980.
|
| 650 |
|
0 |
|a Presidents
|z United States
|x Election
|y 1980.
|
| 700 |
1 |
|
|a Sandoz, Ellis,
|d 1931-
|
| 700 |
1 |
|
|a Crabb, Cecil Van Meter,
|d 1924-
|
| 830 |
|
0 |
|a Politics and public policy series.
|
| 999 |
|
|
|a MARS
|
| 999 |
f |
f |
|s 57c0d2d2-83f7-374f-ac68-595c0b3096a6
|i 75648334-a675-3082-9fbb-ef81e29168b9
|t 0
|
| 952 |
f |
f |
|p ric
|a Texas A&M University
|b Rellis Campus
|c Joint Library Facility
|d Remote Storage
|t 0
|e JK1968 1980 .T53
|h Library of Congress classification
|i unmediated -- volume
|m A14806150915
|
| 998 |
f |
f |
|a JK1968 1980 .T53
|t 0
|l Remote Storage
|